Slizký případ /

Hlavní autor: Janíková, Jana, 1960-
Jazyk: Čeština
Vydáno: Praha : Verzone, 2018
Vydání: Vydání první
Témata:
Fyzický popis: 92 stran : barevné ilustrace ; 21 cm
Knihy
Uloženo v:
LEADER 01493cam a2200433 i 4500
001 nkc20182987642
003 CZ PrNK
005 20251105100743.0
007 ta
008 180314s2018 xr a b 000 j cze d
015 |a cnb002987642 
020 |a 978-80-87971-19-2  |q (Verzone ;  |q vázáno) :  |c Kč 299,00 
035 |a (OCoLC)1559933561 
040 |a KLG001  |b cze  |d BOA001  |d ABA001  |e rda 
072 7 |a 821.162.3-3  |x Česká próza  |2 Konspekt  |9 25 
072 7 |a 821-93  |x Literatura pro děti a mládež (beletrie)  |2 Konspekt  |9 26 
080 |a 821.162.3-32  |2 MRF 
080 |a 821-93  |2 MRF 
080 |a (0:82-32)  |2 MRF 
100 1 |a Janíková, Jana,  |d 1960-  |7 mzk2002157045  |4 aut 
245 1 0 |a Slizký případ /  |c Jana Janíková 
250 |a Vydání první 
264 1 |a Praha :  |b Verzone,  |c 2018 
300 |a 92 stran :  |b barevné ilustrace ;  |c 21 cm 
336 |a text  |b txt  |2 rdacontent 
337 |a bez média  |b n  |2 rdamedia 
338 |a svazek  |b nc  |2 rdacarrier 
500 |a Vydáno ve spolupráci se studiem Kouzelná animace, s.r.o. 
655 7 |a české příběhy  |7 fd133973  |2 czenas 
655 7 |a publikace pro děti  |7 fd133156  |2 czenas 
655 9 |a Czech stories  |2 eczenas 
655 9 |a children's literature  |2 eczenas 
910 2 |a BOA001  |b 2-1408.161 
920 |a 1174585  |z KLG001 
928 9 |a Kouzelná animace 
990 |a BK 
995 |a 01 
991 |b 201805  |c NOV 
996 6 |b 2610742875  |c 2-1408.161  |l MZK  |r Sklad / do 1 hodiny  |n 0  |p p.v.  |w 001664393  |u 000010  |a 1  |e BOA001  |j MZK50  |s P